000 00661nam a2200229Ia 4500
003 OSt
005 20220923221818.0
006 a|||||r|||| 00| 0
007 ta
008 220922b |||||||| |||| 00| 0 hin d
024 _a200,241
037 _cTextual
040 _aARTS
_cARTS
_bhin
041 _2hin
_ahin
082 _aQ3M37w, 152J6
100 _aसूरीश्वर विजय वल्लभ
245 0 _aनवयुग निर्माता
246 _aNavayug nirmātā
260 _c1975
942 _hQ3M37w, 152J6
_cTEXL
_2CC
999 _c351913
_d351913